| 000 | 00721cam a2200241 a 4500 | ||
|---|---|---|---|
| 001 | 12503755 | ||
| 005 | 20180201034615.0 | ||
| 008 | 010815s2002 at b 001 0 eng | ||
| 010 | _a 2001046582 | ||
| 020 | _a0534573754 | ||
| 040 |
_aDLC _cDLC _dDLC |
||
| 041 | _aeng | ||
| 043 | _an-us--- | ||
| 080 | _a344.7307 | ||
| 082 | 0 | 0 |
_a344.7307 YUD _221 |
| 100 | _a14 | ||
| 101 | _aSHJ | ||
| 245 | 0 | 0 |
_aEducational policy and the law / _cMark G. Yudof ... [et al.]. |
| 504 | _aIncludes bibliographical references and index. | ||
| 906 |
_a7 _bcbc _corignew _d1 _eocip _f20 _gy-gencatlg |
||
| 942 |
_2ddc _cBK |
||
| 999 |
_c41462 _d41462 |
||